Normal view MARC view
  • Dugdale, R. H.

Entry Personal Name

Number of records used in: 1

001 - CONTROL NUMBER

  • control field: 152244

003 - CONTROL NUMBER IDENTIFIER

  • control field: DLC

005 - DATE AND TIME OF LATEST TRANSACTION

  • control field: 20260203154526.0

008 - FIXED-LENGTH DATA ELEMENTS

  • fixed length control field: 810811n| azannaab |a aaa

010 ## - LIBRARY OF CONGRESS CONTROL NUMBER

  • LC control number: n 81062421

040 ## - CATALOGING SOURCE

  • Original cataloging agency: DLC
  • Language of cataloging: eng
  • Description conventions: rda
  • Transcribing agency: DLC
  • Modifying agency: DLC

100 10 - HEADING--PERSONAL NAME

  • Personal name: Dugdale, R. H.
  • Fuller form of name: (Roger Houghton)

378 ## - FULLER FORM OF PERSONAL NAME

  • Fuller form of personal name: Roger Houghton

400 10 - SEE FROM TRACING--PERSONAL NAME

  • Control subfield: nna
  • Personal name: Dugdale, Roger Houghton

670 ## - SOURCE DATA FOUND

  • Source citation: His Hydraulics, 1966 i.e. 1967.

670 ## - SOURCE DATA FOUND

  • Source citation: Information from 678 converted Dec. 18, 2014
  • Information found: (A.M.I.C.E., A.C.G.I.)
Devinim Yazılım Eğitim Danışmanlık tarafından Koha'nın orjinal sürümü uyarlanarak geliştirilip kurulmuştur.